000
00203 a2200097 4500
001
121926
040
_c
Escola Canadense de Niteroi
090
_a
MP
245
1
0
_a
Story Organizers Ela Centers
942
_c
BK
999
_c
121926
_d
121926